| 000 -LEADER |
| fixed length control field |
06144 a2200385 4500 |
| 003 - CONTROL NUMBER IDENTIFIER |
| control field |
OSt |
| 005 - DATE AND TIME OF LATEST TRANSACTION |
| control field |
20180116192342.0 |
| 008 - FIXED-LENGTH DATA ELEMENTS--GENERAL INFORMATION |
| fixed length control field |
120529t xxu||||| |||| 00| 0 eng d |
| 010 ## - LIBRARY OF CONGRESS CONTROL NUMBER |
| LC control number |
2010284766 |
| 020 ## - INTERNATIONAL STANDARD BOOK NUMBER |
| International Standard Book Number |
1933045256 (pbk.) |
| 020 ## - INTERNATIONAL STANDARD BOOK NUMBER |
| International Standard Book Number |
9781933045252 (pbk.) |
| 035 ## - SYSTEM CONTROL NUMBER |
| System control number |
(OCoLC)ocm70224032 |
| 040 ## - CATALOGING SOURCE |
| Transcribing agency |
0 |
| 082 04 - DEWEY DECIMAL CLASSIFICATION NUMBER |
| Classification number |
363.5 |
| 245 00 - TITLE STATEMENT |
| Title |
Design like you give a damn : |
| Remainder of title |
architectural responses to humanitarian crises / |
| Statement of responsibility, etc. |
edited by Architecture for Humanity. |
| 260 ## - PUBLICATION, DISTRIBUTION, ETC. |
| Place of publication, distribution, etc. |
New York, NY : |
| Name of publisher, distributor, etc. |
Metropolis Books, |
| Date of publication, distribution, etc. |
c2006. |
| 300 ## - PHYSICAL DESCRIPTION |
| Extent |
333 p. : |
| Other physical details |
col. ill. ; |
| Dimensions |
22 cm. |
| 505 0# - FORMATTED CONTENTS NOTE |
| Formatted contents note |
Introduction : I hope it's a long list-- / Cameron Sinclair -- 100 years of humanitarian design / Kate Stohr -- Lightweight emergency tent / Office of the United Nations High Commissioner for Refugees -- Shelter frame kit / World Shelters ; interview, Bruce LeBel -- GripClips / Shelter Systems -- BOLD / CHF International -- Global Village Shelters / Ferrara Design -- Burning Man Shelter tests : Podville / Icosa Village ; Hexayurt / Vinay Gupta ; Unofficial Strong Angel training exercises / Strong Angel -- Concrete canvas / Peter Brewis, William Crawford -- 139 Shelter / Future Systems -- Transitional Community / Oxfam -- Paper church ; Paper log houses ; Paper tube emergency shelter / Shigeru Ban Architects -- Super adobe / Cal-Earth ; interview, Nader Khalili -- Pallet house / I-Beam Design -- Rubble house / LA Architects -- Low-tech balloon system / TechnoCraft -- Extreme housing / Deborah Gans, Matt Jelacic -- Prefabricated core housing ; Core housing / Relief International -- Safe(R) House / Harvard, MIT -- Housing in northern Afghanistan / Shelter for Life -- Mobile migrant worker housing ; Pink houses with greenhouses / Design Corps -- Maasai Integrated Shelter Project / Intermediate Technology Development Group -- Lucy House ; 20.0 House / Rural Studio -- Hopi Nation Elder Home / Red Feather Development Group -- Bayview Rural Village / RBGC Architecture, Research & Urbanism ; interview, Maurice D. Cox -- Quinta Monroy Housing Project / ELEMENTAL Housing Initiative, Taller de Chile -- Northern Ireland Cross-Community Initiative / Habitat for Humanity, Northern Ireland -- Sistema Arde / Hierve-Diseñeria -- Huts and low-riders / Mad Housers -- Dome Village / Justiceville, USA -- First Step Housing / Common Ground Community -- paraSITE / Michael Rakowitz -- Mason's Bend Chapel / Rural Studio -- Appirampattu Village Center / Logan Allen -- Barefoot College / Barefoot Architects -- Homeboy Industries / Detroit Collaborative Design Center -- Center for Disabled Workers / Technical University, Vienna -- Siyathemba Soccer "clinic" / Swee Hong Ng -- Favela-Bairro Projects / Jorge Mario JaÌuregui Architects -- Rufisque Women's Centre / Hollmẽn Reuter Sandman Architects -- Shelter 2 / Christopher Livingston, Montana State University -- Mobile health clinic / atelier [gilliland tolila] -- Africa Centre for Health and Population Studies / East Coast Architects -- Medwed Clinic / Michal Vital, Yuval Amir -- Gando Primary School / DieÌbeÌdo Francis KeÌreÌ -- Bamboo Primary School / theskyisbeautiful architecture -- Druk White Lotus School / Arup Associates -- School solar kitchen / BASIC Initiative, College of Architecture and Urban Planning, University of Washington -- Hole-in-the-Wall Schools / Dr. Sugata Mitra -- A bridge too far / Chinese University of Hong Kong -- Hippo Water Roller / Grant Gibbs -- PlayPump / Roundabout Outdoor ; interview, Trevor Field -- Ceramic water filter / Potters for Peace -- Watercone / Stephan Augustin -- MoneyMaker Pumps / KickStart -- Long-lasting antimalaria bed nets / Acumen Fund, Sumitomo Chemical Corp. -- Aquacube / Süd-Chemie -- Clean Hub System / Shelter Architecture -- Power Shade / FTL Design Engineering Studio -- Seba Dalkai School solar classroom / Native American Photovoltaics -- Himalayan Rescue Association Pheriche Clinic / Lotus Energy -- VIP latrine / Arup Associates -- Living Machine / BASIC Initiative, College of Architecture and Urban Planning, University of Washington -- Ecological dry toilet / Cësar Añorve -- UnBathroom / William Hsu -- shelterproject / shelterproject.org -- Sphere Project / Steering Committee for Humanitarian Response, InterAction -- Roots of Peace / Heidi Kühn, Gary Kühn, Kyleigh Kühn -- European Greenbelt / World Conservation Union -- A civilian occupation : the politics of Israeli architecture / Rafi Segal, Eyal Weizman -- Sleeping Bag Project / Project Locus -- Housing for health / Paul Pholeros, Stephan Rainow, Paul Torzillo -- Viewing platforms ; Stair to park / Heavy Trash -- Finding public space in the margins / Center for Community Research and Design, Woodbury University -- City without a ghetto / Center for Urban Pedagogy -- Shrinking Cities / Shrinking Cities -- Urban acupuncture / Curitiba, Brazil. |
| 520 ## - SUMMARY, ETC. |
| Summary, etc. |
" Edited by architecture for Humanity, a volunteer-based organization that provides architectural solutions to humanitarian crises, Design Like You Give a Damm brings the best of humanitarian design to the printed page. Proceeds from the sale of this book will support the work of Architecture for Humanity." From the bookjacket. |
| 650 #0 - SUBJECT ADDED ENTRY--TOPICAL TERM |
| Topical term or geographic name entry element |
Emergency housing |
| General subdivision |
Design and construction. |
| 9 (RLIN) |
2516 |
| 650 #0 - SUBJECT ADDED ENTRY--TOPICAL TERM |
| Topical term or geographic name entry element |
Buildings, Temporary |
| General subdivision |
Design and construction. |
| 9 (RLIN) |
2517 |
| 650 #0 - SUBJECT ADDED ENTRY--TOPICAL TERM |
| Topical term or geographic name entry element |
Disaster victims |
| General subdivision |
Dwellings. |
| 9 (RLIN) |
2518 |
| 650 #0 - SUBJECT ADDED ENTRY--TOPICAL TERM |
| Topical term or geographic name entry element |
Sustainable architecture. |
| 9 (RLIN) |
2519 |
| 650 #0 - SUBJECT ADDED ENTRY--TOPICAL TERM |
| Topical term or geographic name entry element |
Architecture and society. |
| 9 (RLIN) |
2520 |
| 650 #0 - SUBJECT ADDED ENTRY--TOPICAL TERM |
| Topical term or geographic name entry element |
Arquitectura y sociedad. |
| 9 (RLIN) |
2521 |
| 650 #0 - SUBJECT ADDED ENTRY--TOPICAL TERM |
| Topical term or geographic name entry element |
Vivienda en situacioÌn de emergencia |
| General subdivision |
Diseño y construccioÌn. |
| 9 (RLIN) |
2522 |
| 650 #0 - SUBJECT ADDED ENTRY--TOPICAL TERM |
| Topical term or geographic name entry element |
Edificios temporales |
| General subdivision |
Diseño y construccioÌn. |
| 9 (RLIN) |
2523 |
| 650 #0 - SUBJECT ADDED ENTRY--TOPICAL TERM |
| Topical term or geographic name entry element |
Victimas de desastres |
| General subdivision |
Viviendas. |
| 9 (RLIN) |
2524 |
| 650 #0 - SUBJECT ADDED ENTRY--TOPICAL TERM |
| Topical term or geographic name entry element |
Architecture et socieÌteÌ. |
| 9 (RLIN) |
2525 |
| 650 #0 - SUBJECT ADDED ENTRY--TOPICAL TERM |
| Topical term or geographic name entry element |
Logement de secours |
| General subdivision |
Conception et construction. |
| 9 (RLIN) |
2526 |
| 650 #0 - SUBJECT ADDED ENTRY--TOPICAL TERM |
| Topical term or geographic name entry element |
Victimes de catastrophes |
| General subdivision |
Habitations. |
| 9 (RLIN) |
2527 |
| 710 2# - ADDED ENTRY--CORPORATE NAME |
| Corporate name or jurisdiction name as entry element |
Architecture for Humanity (Organization) |
| 9 (RLIN) |
2528 |
| 942 ## - ADDED ENTRY ELEMENTS (KOHA) |
| Institution code [OBSOLETE] |
SADA |
| Koha item type |
Book |
| Call number prefix |
363.5 DES 2006 |
| Source of classification or shelving scheme |
|